<?xml version="1.0" encoding="UTF-8"?>
<record
    xmlns:xsi="http://www.w3.org/2001/XMLSchema-instance"
    xsi:schemaLocation="http://www.loc.gov/MARC21/slim http://www.loc.gov/standards/marcxml/schema/MARC21slim.xsd"
    xmlns="http://www.loc.gov/MARC21/slim">

  <leader>00526nam a22001577a 4500</leader>
  <controlfield tag="003">OSt</controlfield>
  <controlfield tag="005">20150905112100.0</controlfield>
  <controlfield tag="008">150905b        xxu||||| |||| 00| 0 eng d</controlfield>
  <datafield tag="040" ind1=" " ind2=" ">
    <subfield code="c">RUA</subfield>
  </datafield>
  <datafield tag="082" ind1=" " ind2=" ">
    <subfield code="a">AGR &#x1799;&#x17C9;&#x17B6; &#x17E1;&#x17E9;&#x17E9;&#x17E1;&#x200B; B002 Or.1</subfield>
  </datafield>
  <datafield tag="100" ind1=" " ind2=" ">
    <subfield code="9">16</subfield>
    <subfield code="a">&#x1799;&#x17C9;&#x17B6; &#x178F;&#x17C1;&#x1780;&#x17A0;&#x17BC;</subfield>
  </datafield>
  <datafield tag="245" ind1=" " ind2=" ">
    <subfield code="a">&#x1794;&#x1785;&#x17D2;&#x1785;&#x17C1;&#x1780;&#x1791;&#x17C1;&#x179F;&#x178A;&#x17B6;&#x17C6;&#x1780;&#x1794;&#x17D2;&#x1794;&#x17B6;&#x179F;&#x1780;&#x17D2;&#x1793;&#x17BB;&#x1784;&#x179B;&#x1780;&#x17D2;&#x1781;&#x1781;&#x17D0;&#x178E;&#x17D2;&#x178C;&#x17A2;&#x17B6;&#x1780;&#x17B6;&#x179F;&#x1792;&#x17B6;&#x178F;&#x17BB;&#x1780;&#x1798;&#x17D2;&#x1796;&#x17BB;&#x1787;&#x17B6;</subfield>
  </datafield>
  <datafield tag="260" ind1=" " ind2=" ">
    <subfield code="a">Phnom Penh</subfield>
    <subfield code="b">RUA</subfield>
    <subfield code="c">1991</subfield>
  </datafield>
  <datafield tag="300" ind1=" " ind2=" ">
    <subfield code="a">68p.</subfield>
    <subfield code="b">ill.</subfield>
    <subfield code="c">29cm</subfield>
  </datafield>
  <datafield tag="942" ind1=" " ind2=" ">
    <subfield code="2">ddc</subfield>
    <subfield code="c">AGR</subfield>
  </datafield>
  <datafield tag="999" ind1=" " ind2=" ">
    <subfield code="c">14</subfield>
    <subfield code="d">14</subfield>
  </datafield>
  <datafield tag="952" ind1=" " ind2=" ">
    <subfield code="0">0</subfield>
    <subfield code="1">0</subfield>
    <subfield code="2">ddc</subfield>
    <subfield code="4">0</subfield>
    <subfield code="6">AGR_&#x1799;&#x17B6;_1991_000000000000000_B002_OR_1</subfield>
    <subfield code="7">0</subfield>
    <subfield code="9">41</subfield>
    <subfield code="a">LBB</subfield>
    <subfield code="b">LBB</subfield>
    <subfield code="d">2015-09-05</subfield>
    <subfield code="l">1</subfield>
    <subfield code="o">AGR &#x1799;&#x17C9;&#x17B6; 1991 B002 Or.1</subfield>
    <subfield code="p">RUA003905</subfield>
    <subfield code="r">2019-07-19</subfield>
    <subfield code="s">2019-07-17</subfield>
    <subfield code="w">2015-09-05</subfield>
    <subfield code="y">AGR</subfield>
  </datafield>
  <datafield tag="952" ind1=" " ind2=" ">
    <subfield code="0">0</subfield>
    <subfield code="1">0</subfield>
    <subfield code="2">ddc</subfield>
    <subfield code="4">0</subfield>
    <subfield code="6">AGR_&#x1799;&#x17B6;_1991_B002_OR_2_000000000000000</subfield>
    <subfield code="7">0</subfield>
    <subfield code="9">42</subfield>
    <subfield code="a">LBB</subfield>
    <subfield code="b">LBB</subfield>
    <subfield code="d">2015-09-05</subfield>
    <subfield code="o">AGR &#x1799;&#x17C9;&#x17B6; 1991&#x200B; B002 Or.2</subfield>
    <subfield code="p">RUA003975</subfield>
    <subfield code="r">2015-09-05</subfield>
    <subfield code="w">2015-09-05</subfield>
    <subfield code="y">AGR</subfield>
  </datafield>
  <datafield tag="952" ind1=" " ind2=" ">
    <subfield code="0">0</subfield>
    <subfield code="1">0</subfield>
    <subfield code="2">ddc</subfield>
    <subfield code="4">0</subfield>
    <subfield code="6">AGR_&#x1799;&#x17B6;_1991_B002_OR_3_000000000000000</subfield>
    <subfield code="7">0</subfield>
    <subfield code="9">43</subfield>
    <subfield code="a">LBB</subfield>
    <subfield code="b">LBB</subfield>
    <subfield code="d">2015-09-05</subfield>
    <subfield code="o">AGR &#x1799;&#x17C9;&#x17B6; 1991&#x200B; B002 Or.3</subfield>
    <subfield code="p">RUA003903</subfield>
    <subfield code="r">2015-09-05</subfield>
    <subfield code="w">2015-09-05</subfield>
    <subfield code="y">AGR</subfield>
  </datafield>
  <datafield tag="952" ind1=" " ind2=" ">
    <subfield code="0">0</subfield>
    <subfield code="1">0</subfield>
    <subfield code="2">ddc</subfield>
    <subfield code="4">0</subfield>
    <subfield code="6">AGR_&#x1799;&#x17B6;_1991_B002_OR_4_000000000000000</subfield>
    <subfield code="7">0</subfield>
    <subfield code="9">44</subfield>
    <subfield code="a">LBB</subfield>
    <subfield code="b">LBB</subfield>
    <subfield code="d">2015-09-05</subfield>
    <subfield code="o">AGR &#x1799;&#x17C9;&#x17B6; 1991&#x200B; B002 Or.4</subfield>
    <subfield code="p">RUA004742</subfield>
    <subfield code="r">2015-09-05</subfield>
    <subfield code="w">2015-09-05</subfield>
    <subfield code="y">AGR</subfield>
  </datafield>
  <datafield tag="952" ind1=" " ind2=" ">
    <subfield code="0">0</subfield>
    <subfield code="1">0</subfield>
    <subfield code="2">ddc</subfield>
    <subfield code="4">0</subfield>
    <subfield code="6">AGR_&#x1799;&#x17B6;_1991_B002_OR_5_000000000000000</subfield>
    <subfield code="7">0</subfield>
    <subfield code="9">45</subfield>
    <subfield code="a">LBB</subfield>
    <subfield code="b">LBB</subfield>
    <subfield code="d">2015-09-05</subfield>
    <subfield code="o">AGR &#x1799;&#x17C9;&#x17B6; 1991&#x200B; B002 Or.5</subfield>
    <subfield code="p">RUA003519</subfield>
    <subfield code="r">2015-09-05</subfield>
    <subfield code="w">2015-09-05</subfield>
    <subfield code="y">AGR</subfield>
  </datafield>
  <datafield tag="952" ind1=" " ind2=" ">
    <subfield code="0">0</subfield>
    <subfield code="1">0</subfield>
    <subfield code="2">ddc</subfield>
    <subfield code="4">0</subfield>
    <subfield code="6">AGR_&#x1799;&#x17B6;_1991_B002_OR_6_000000000000000</subfield>
    <subfield code="7">0</subfield>
    <subfield code="9">46</subfield>
    <subfield code="a">LBB</subfield>
    <subfield code="b">LBB</subfield>
    <subfield code="d">2015-09-05</subfield>
    <subfield code="l">1</subfield>
    <subfield code="o">AGR &#x1799;&#x17C9;&#x17B6; 1991&#x200B; B002 Or.6</subfield>
    <subfield code="p">RUA003375</subfield>
    <subfield code="r">2023-03-27</subfield>
    <subfield code="s">2023-01-02</subfield>
    <subfield code="w">2015-09-05</subfield>
    <subfield code="y">AGR</subfield>
  </datafield>
  <datafield tag="952" ind1=" " ind2=" ">
    <subfield code="0">0</subfield>
    <subfield code="1">0</subfield>
    <subfield code="2">ddc</subfield>
    <subfield code="4">0</subfield>
    <subfield code="6">AGR_&#x1799;&#x17B6;_1991_B002_OR_7_000000000000000</subfield>
    <subfield code="7">0</subfield>
    <subfield code="9">47</subfield>
    <subfield code="a">LBB</subfield>
    <subfield code="b">LBB</subfield>
    <subfield code="d">2015-09-05</subfield>
    <subfield code="o">AGR &#x1799;&#x17C9;&#x17B6; 1991&#x200B; B002 Or.7</subfield>
    <subfield code="p">RUA004658</subfield>
    <subfield code="r">2015-09-05</subfield>
    <subfield code="w">2015-09-05</subfield>
    <subfield code="y">AGR</subfield>
  </datafield>
  <datafield tag="952" ind1=" " ind2=" ">
    <subfield code="0">0</subfield>
    <subfield code="1">0</subfield>
    <subfield code="2">ddc</subfield>
    <subfield code="4">0</subfield>
    <subfield code="6">AGR_&#x1799;&#x17B6;_1991_B002_OR_8_000000000000000</subfield>
    <subfield code="7">0</subfield>
    <subfield code="9">48</subfield>
    <subfield code="a">LBB</subfield>
    <subfield code="b">LBB</subfield>
    <subfield code="d">2015-09-05</subfield>
    <subfield code="o">AGR &#x1799;&#x17C9;&#x17B6; 1991&#x200B; B002 Or.8</subfield>
    <subfield code="r">2015-09-05</subfield>
    <subfield code="w">2015-09-05</subfield>
    <subfield code="y">AGR</subfield>
  </datafield>
</record>
